000 00538nam a2200181Ia 4500
008 100920s9999 xx 000 0 und d
082 _b95700
_a891.463.1 थ 97
100 _aसंपा.आठलेकर मंगला.
245 _aतिची कथा.
260 _bराजहंस, पुणे.
_c1997
300 _a188
_bसाधी
365 _b150
520 _aलघुकथा.
630 _aतिची कथा.
650 _aलघुकथा.
730 _aतिची कथा.
942 _cBOOK
999 _c736141
_d736138